| 000 | 00964nam a22002537a 4500 | ||
|---|---|---|---|
| 005 | 20250109151728.0 | ||
| 007 | cr |||aaa||||| | ||
| 008 | 250109s2021 mx ||||fo|||| 00| 0 spa d | ||
| 040 |
_aMX-MxUPN _bspa _cMX-MxUPN _eaacr2 |
||
| 041 | _aspa | ||
| 050 | 0 | 4 | _aLB1027.23 |
| 245 | 0 | 0 |
_aOrientaciones didácticas para el desarrollo del proyecto aprendamos juntos _h[recurso electrónico en línea] |
| 260 |
_aMéxico : _c2021. |
||
| 300 |
_a1 recurso en línea (4 páginas) : _bPDF |
||
| 490 | 0 | _a¡Hagamos comunidad! Estrategias de apoyo pedagógico para la educación media superior | |
| 500 | _aMaterial para docentes | ||
| 506 | 0 | _aAcceso abierto | |
| 650 | 7 |
_aEducación media superior _92253 |
|
| 650 | 4 |
_aAprendizaje por experiencia _917926 |
|
| 650 | 4 |
_aAprendizaje basado en proyectos _927842 |
|
| 856 | 4 | 0 | _uhttps://www.mejoredu.gob.mx/images/blog/estrategias/orientaciones-didacticas.pdf |
| 902 | _bMaríaRobles/090125 | ||
| 942 |
_2lcc _cLIBRO-E |
||
| 999 |
_c212475 _d212475 |
||